Formulación a nivel de perfil del proyecto, construcción plaza San Nicolás del municipio de la Paz Centro-León

Este proyecto tiene como objetivo la construcción de una Plaza en la Paz Centro, con este proyecto vendrá a dar auge a los diferentes sectores económicos, culturales, gastronómicos y sobre todo generara fuentes de empleo, se realizan estudio de mercado a través de la oferta y la demanda, estudi...

Full description

Bibliographic Details
Main Authors: Jirón Romero, Ashley Selene, García Álvarez, Jahoska Vanessa
Other Authors: Tutor: Ocampo Elvir, Gustavo
Format: Tesis Section = Libro
Language:Undetermined
Spanish
Published: Managua UNI 2020
Subjects:
LEADER 01298nam a2200265Ia 4500
008 240830s9999 xx 000 0 und d
040 |a BIBLIOTECA-RUPAP Mon 658.404 J61 
041 |a spa 
082 |a Mon 658.404 J61 
100 1 |a Jirón Romero, Ashley Selene 
100 1 |b  García Álvarez, Jahoska Vanessa 
245 1 0 |a Formulación a nivel de perfil del proyecto, construcción plaza San Nicolás del municipio de la Paz Centro-León 
260 |a Managua  |b UNI  |c 2020 
300 |a 123 p.:il. 
500 |a Contiene: anexos y CD. 
502 |a Tesis (Ingeniero Civil)- UNI, 2020. 
520 3 |a Este proyecto tiene como objetivo la construcción de una Plaza en la Paz Centro, con este proyecto vendrá a dar auge a los diferentes sectores económicos, culturales, gastronómicos y sobre todo generara fuentes de empleo, se realizan estudio de mercado a través de la oferta y la demanda, estudio técnico, identificar los recursos disponibles, institucionales, financieros, humanos, tecnológicos, servicios básicos. 
650 7 |a CONSTRUCCION DE PLAZA SAN NICOLAS-PROYECTOS 
650 7 |b ESTUDIO DE MERCADO 
650 7 |c ESTUDIO ECONOMICO 
650 7 |d EDIFICIO-EMPLAZAMIENTO 
700 1 |a Tutor:  |b Ocampo Elvir, Gustavo 
942 |c BK  |2 ddc 
991 |a TESIS 
999 |c 17356